LDR 00929naa#a2200205#i#450# 001 EN\\bibl\122859 005 20260513201805.3 011 ## _a2712-7761 100 ## _a20260506b2026####ek#y0engy0150####ca 102 ## _aRU 200 1# _aGeochemistry of indium and other trace elements in biotite as an indicator of the formation conditions of the Gubanov intrusion (Wiborg rapakivi granite massif) _eJournal article 210 1# _aSyktyvkar _cFSBI FIC "Komi Scientific Center of the Ural Branch of the Russian Academy of Sciences" _d2026 215 ## _a7 с. 608 ## _aJournal article _2local 675 ## _aБиотит. 549.623.54 _aРаспространенность и распределение отдельных химических элементов и их изотопов. 550.42 _z 700 #1 _aRogova _gI. V. 700 #1 _aSkublov _gSergey Gennad'evich 700 #1 _aBerezin _gA. V. 700 #1 _aPetrov _gD. A. 856 4# _akomisc.editorum.ru _u